LEADER 01234nam a2200277 i 4500 001 000000122391 003 CaOOAMICUS 005 20040202000000.0 008 040202s1990 it u000 u ita u 013 $a95086 040 $aSeMil$bita 100 1 $aGruppo Fotografico '82.$0(OLS)http://semarc/name/50887 240 03$aLa deposizione.$0(OLS)http://semarc/title/180323 245 13$aLa deposizione del duomo di Volterra /$cGruppo Fotografico '82, Burresi, Lessi. 260 $a[S.l. :$bs.n.],$cstampa 1990$e(Siena :$fCentrooffset,$gstampa 1990) 300 $a[62] p. :$briccamente ill. ;$c29 cm. 500 $aFondo Card. C.M. Martini. 650 4$aVolterra - Chiese - Cattedrale di Santa Maria Assunta (Duomo) - Deposizione.$0(OLS)http://semarc/subject/23203 700 1 $aLessi, Franco Alessandro.$0(OLS)http://semarc/name/50526 700 1 $aBurresi, Mariagiulia.$0(OLS)http://semarc/name/50525 850 $aSeMil 852 $aSeMil$W1$xVenegono$y1$m5I XI 23$j77362$B77362$CSeMilBibl$Z2$F79219 $8I 941 1 $a4 961 $aOmaggio: Martini Card. Carlo Maria 996 $6245$aLa deposizione del duomo di Volterra$9(OLS)http://semarc/title/180324 996 $6260$a[S.l. :$bs.n.]$9(OLS)http://semarc/publisher/29751 LEADER 00722nam a2200193 i 4500 001 000000104024 003 CaOOAMICUS 005 20011025000000.0 008 011025s1844 fr u000 u lat u 013 $a76207 040 $aSeMil$bita 245 10$a[E-KYR]. 300 $a969 p. 500 $aTitolo ripreso dal dorso del volume. 700 1 $aDu Cange, Charles,$d<1610-1688>.$0(OLS)http://semarc/name/752 773 0 $aDu Cange, Charles <1610-1688>$tGlossarium Mediae et Infimae Latinitatis.$dParisiis : Excudebant Firmin Didot fratres, 1840-1857.$g3$w()878 850 $aSeMil 852 $aSeMil$W1$xVenegono$y1$mSL1.A VI 23$j269904$B60471$CSeMilBibl$Z2$F44938 $8I 996 $6245$a[E-KYR]$9(OLS)http://semarc/title/150921